| 000 | 00740cab a2200265 4500 | ||
|---|---|---|---|
| 001 | WB2901-66 | ||
| 008 | 090401t1992 xxu||||| |||| 00| 0 eng d | ||
| 035 | _a(Sirsi) u18649 | ||
| 041 | _aeng | ||
| 245 | _aDesigning a town | ||
| 260 | _c1992 | ||
| 350 | _a0 | ||
| 490 |
_aTimes _v30 December 1992, 25(1) |
||
| 520 | _aArchitects, DPZ, have excercised aesthetic control by drawing up a design code for the new town Seaside, Florida. The town has been hailed a success. | ||
| 650 | _aAESTHETIC CONTROL | ||
| 650 | _aARCHITECTURE | ||
| 650 | _aFLORIDA | ||
| 650 | _aNEW TOWNS | ||
| 650 | _aSEASIDE | ||
| 650 | _aTOWN PLANNING | ||
| 650 | _aUSA | ||
| 690 | _aPLANNING LAW AND PRACTICE | ||
| 942 | _n0 | ||
| 948 | _c04/03/1997 | ||
| 999 |
_c12411 _d12411 |
||